Schematyzm Diecezji Gdańskiej. - Gdańsk. - 1980 [Rezension]

Titel: Schematyzm Diecezji Gdańskiej. - Gdańsk. - 1980 [Rezension]
Verfasser:
In: Rocznik Gdański, Band 43, Heft 2 (1983), Seite 177-179
alle Artikel anzeigen
Veröffentlicht: 1983
Format: Aufsatz
Sprache: Polnisch
Kein Bild verfügbar
X
alg: 39478903
001A    $01999:12-11-16 
001B    $01999:03-08-21 $t21:02:23.000 
001D    $01999:12-11-16 
001U    $0utf8 
001X    $00 
002@    $0Aox 
003@    $0394789032 
007A    $0394789032 $aHEB 
007T    $0Herdc0023549m 
010@    $apol 
011@    $a1983 
021A    $aSchematyzm Diecezji Gdańskiej. - Gdańsk. -  1980 [Rezension] 
028A    $aSchulist $dWładysław 
031A    $d43 $e2 $h177-179 $j1983 
039B    $aIn $8--Abvc--. Rocznik Gdański. - Gdańsk : Wydawn. Gdańskie, 1927-. - ISSN 0080-3456 $x198300000430002823 $9047550872 
039T    $8--Aax--. Schematyzm Diecezji Gdańskiej. - Gdańsk, 1980 $9395382475 
045F    $a900.9438 $eDDC23BSB 
045F/01 $a900 
045F/03 $g438 
045F/03 $g4382 
045F/03 $g43832 
045T    $a9,10 $a8 

lok: 39478903 78

exp: 39478903 78 1 #EPN
201B/01 $018-11-16 $t12:44:13.000 
201U/01 $0utf8 
203@/01 $0791087646 
208@/01 $a12-11-16 $be 
209A/01 $a/ $f000 $x00 
220C/01 $aTitelaufnehmer: ej 
244Z/01 $2Trx $#Poola $#Lenkija $#Polija $#Polen Land $#Poland $#Lengyelország $#Poľsko $#Polsko $8--Trx--Polska$gkraj $x01 $9391345966 
244Z/01 $2Trx $#Prusy Wschodnie i Zachodnie $8--Trx--Ost- und Westpreußen $x02 $939113373X 
244Z/01 $2Trx $#arvustused $#recenzijos $#Reviews $#recenziók $#recenzje $#recenzie $#recenze $8--Trx--Rezensionen $x03 $9391357441 
247C/01 $82080>Marburg/Lahn, Herder-Institut, Forschungsbibliothek, Bibliographieportal $9336309341
LEADER 00000caa a22000002c 4500
001 394789032
003 DE-603
005 20210803210223.0
007 tu
008 161112s1983 xx |||| | u00||u|pol c
035 |a (DE-599)HEB394789032 
040 |a DE-603  |b ger  |c DE-603  |d DE-603 
041 |a pol 
082 0 4 |8 1\u  |a 900.9438  |q DE-101  |2 23/BSB 
084 |a 9,10  |a 8  |2 ssgn 
085 |8 1\u  |b 900 
085 |8 1\u  |z 2  |s 438 
085 |8 1\u  |z 2  |s 4382 
085 |8 1\u  |z 2  |s 43832 
100 1 |a Schulist, Władysław 
245 0 0 |a Schematyzm Diecezji Gdańskiej. - Gdańsk. - 1980 [Rezension] 
264 0 |c 1983 
773 0 8 |i In  |t Rocznik Gdański  |d Gdańsk : Wydawn. Gdańskie, 1927-  |x 0080-3456  |g Band 43, Heft 2 (1983), Seite 177-179  |w (DE-603)047550872  |w (DE-600)400807-8 
787 0 8 |i Rezension von  |t Schematyzm Diecezji Gdańskiej  |d Gdańsk, 1980  |w (DE-603)395382475 
924 0 |9 2080  |a (DE-603)791087646  |b DE-2080  |c HES  |d d  |g /